00476nam a2200157 i 450000100060000000300090000600500170001500700030003200800410003510000230007624501050009926000370020430000280024170000160026985200330028577898ES-MaACL20230906173433.0t|041115s1929 sp ||||1| spa d1 aMarkow, Sergio de.10aCómo intenté salvar a la zarina / cSergio de Markow ; traducción del alemán por M. Perales. aBilbao : bEspasa-Calpe, c1929. a281 p., 1 h. ; c20 cm.1 aPerales, M. aES-MaACLjE-10369 bR.133653